Two ways to count to ten : (Record no. 9108)

MARC details
000 -LEADER
fixed length control field 01155pam a2200337 a 4500
001 - CONTROL NUMBER
control field 9108
003 - CONTROL NUMBER IDENTIFIER
control field FISKH
005 - DATE AND TIME OF LATEST TRANSACTION
control field 20251121095924.0
008 - FIXED-LENGTH DATA ELEMENTS--GENERAL INFORMATION
fixed length control field 861216s1988 nyua j 000 0 eng
010 ## - LIBRARY OF CONGRESS CONTROL NUMBER
LC control number 86033513
020 ## - INTERNATIONAL STANDARD BOOK NUMBER
International Standard Book Number 0805004076 :
020 ## - INTERNATIONAL STANDARD BOOK NUMBER
International Standard Book Number 9780805013146
020 ## - INTERNATIONAL STANDARD BOOK NUMBER
International Standard Book Number 9780805004076
035 ## - SYSTEM CONTROL NUMBER
System control number 4298504
040 ## - CATALOGING SOURCE
Original cataloging agency DLC
Transcribing agency DLC
Modifying agency DLC
Language of cataloging eng
050 00 - LIBRARY OF CONGRESS CALL NUMBER
Classification number PZ8.1.D378
Item number Tw 1988
082 00 - DEWEY DECIMAL CLASSIFICATION NUMBER
Classification number 398.2/096
-- E
Edition number 19
100 1# - MAIN ENTRY--PERSONAL NAME
Personal name Dee, Ruby.
245 10 - TITLE STATEMENT
Title Two ways to count to ten :
Remainder of title a Liberian folktale /
Statement of responsibility, etc. retold by Ruby Dee ; illustrated by Susan Meddaugh.
260 ## - PUBLICATION, DISTRIBUTION, ETC.
Place of publication, distribution, etc. New York :
Name of publisher, distributor, etc. Square Fish,
Date of publication, distribution, etc. 1988.
300 ## - PHYSICAL DESCRIPTION
Extent 32 unnumbered pages :
Other physical details color illustrations ;
Dimensions 26 cm
505 ## - FORMATTED CONTENTS NOTE
Formatted contents note P<br/>
520 ## - SUMMARY, ETC.
Summary, etc. A retelling of a traditional Liberian tale in which King Leopard invites all the animals to a spear-throwing contest whose winner will marry his daughter and succeed him as king.
521 8# - TARGET AUDIENCE NOTE
Target audience note 650<br/>
Source Lexile estimate<br/>
521 8# - TARGET AUDIENCE NOTE
Target audience note P<br/><br/>
Source Raz-Plus<br/>
650 #1 - SUBJECT ADDED ENTRY--TOPICAL TERM
Topical term or geographic name entry element Folklore
Geographic subdivision Africa.
700 1# - ADDED ENTRY--PERSONAL NAME
Personal name Meddaugh, Susan,
Relator term illustrator
906 ## - LOCAL DATA ELEMENT F, LDF (RLIN)
a 7
b cbc
c orignew
d 1
e ocip
f 19
g y-gencatlg
942 ## - ADDED ENTRY ELEMENTS (KOHA)
Source of classification or shelving scheme Dewey Decimal Classification
Koha item type Books
Suppress in OPAC No
Holdings
Withdrawn status Lost status Source of classification or shelving scheme Damaged status Not for loan Collection Home library Current library Shelving location Date acquired Total Checkouts Full call number Barcode Date last seen Copy number Price effective from Koha item type
    Dewey Decimal Classification     Juvenile Fiction Footprints International School Library Network Toul Tom Poung Campus Footprints International School Library Network Toul Tom Poung Campus TTP Primary Orange Bookshelves 11/21/2025   DEE 398.2096 PZ8.D378 T FISTK00763 11/21/2025 1 11/21/2025 Books